Los países menos visitados del mundo - Estadísticas

Estadísticas generales
  • Esta prueba ha sido intentada 29 veces
  • La puntuación promedio es 5 de 10
Estadísticas de respuestas
Imagen Respuesta % Correcto
Micronesia
86%
Kiribati
83%
Tuvalu
83%
Comoras
76%
Guinea Bissau
55%
Santo Tomé y Príncipe
52%
Salomón
31%
Marshall
28%
Montserrat
14%
Niue
14%
No se encontraron pruebas coincidentes
Distribución de puntuación
Porcentaje de gente con cada puntuación
Porcentaje por número respondido
Historial de tus puntuaciones
No has intentado esta prueba.